000 00456nam a2200169Ia 4500
003 GCL
008 140319s9999 xx 000 0 ara d
040 _aGCL /
_cGCL
082 0 4 _a810.9
_bح هـ
100 1 _aحنا مينة
245 1 0 _aهواجس فى التجربة الروائية /
_cحنا مينة
300 _a176 ص
490 _aكتاب
_v0
650 0 4 _aالقصص
650 0 4 _aالادب العربى - نظريات
942 _2ddc
_cBK
999 _c42469
_d42469